00928nam a2200253 a 450000100060000000300080000600500170001400800410003103500200007204000320009204100080012408200250013210000440015724500990020125000130030026000430031330000330035650400410038965000350043065000380046594200120050399900170051595201420053243606BD-RjUL20211209053725.0160625s1947 pk b 001 0 eng d a(BD-RjUL) 43724 aHDCcHDCdMYGdBD-RjULbeng aeng 223a332.42bMAH 19471 aMalhotra, D. K.q(Daya Krishan)913409110aHistory and problems of Indian currency, 1835-1959 :ban introductory study /cD. K. Malhotra  a4th ed.  aLahore :bThe Minerva Book Shop,c1947 aix, 304 p. :bill. ;c22 cm. aBibliography: p. 283-286 and index.  0aMoneyzIndiaxHistory.9134092 0aCurrency questionzIndia.9134093 2ddccBK c43606d43606 00102ddc40708NFICaRUCLbRUCLcStackd1955-06-11ePak lit. palaceg4.80l0o332.42 MAH 1947r2016-06-25 00:00:00tC-2w2016-06-25yBK